| 000 | 00491nam a2200205Ia 4500 | ||
|---|---|---|---|
| 003 | 0100 | ||
| 008 | 130227s9999 xx 000 0 und d | ||
| 040 | _cARRUPELIB | ||
| 050 | _aBX3706.3W75 | ||
| 100 | _aWright, Jonathan | ||
| 245 | _aGod's soldiers | ||
| 245 | _badventure, politics, intrigue and power: a history of Jesuits | ||
| 260 | _aNew York | ||
| 260 | _bImage Books | ||
| 260 | _C2004 | ||
| 300 | _a337p. | ||
| 300 | _b 23 cm | ||
| 650 | _bPhilosophy | ||
| 942 |
_2lcc _01 |
||
| 999 |
_c2800 _d2800 |
||